000 00598nam a2200193Ia 4500
003 OSt
005 20250909141305.0
008 220930b |||||||| |||| 00| 0 eng d
037 _cReference Collections
040 _aCRL
_cCRL
_beng
041 _2eng
_aeng
100 _aAmico Eleanor B. Ed.
_9576111
245 0 _aReader's Guide to women studies
260 _aChicago
_bFitzroy dearborn publishers USA
_c1998
300 _a732p.
_ccm.
650 _aWOMEN
_9820680
942 _hz(Y15)w1,N9, N8(RR)
_cref
_2CC
_n0
999 _c925573
_d925573